000 00460nam a2200169Ia 4500
008 090124s9999 xx 000 0 und d
082 _b46531
100 _aधुऴे प्रकाश
245 _a मुउातछंद
250 _a1
300 _a80
600 _aधुऴे प्रकाश
630 _a मुउातछंद
700 _aधुऴे प्रकाश
730 _a मुउातछंद
942 _cBOOK
999 _c112742
_d112742